From Plassey to Pakistan : the family history of Iskander Mirza, the first president of Pakistan (Record no. 5186)

000 -LEADER
fixed length control field 01040 a2200193 4500
020 ## - INTERNATIONAL STANDARD BOOK NUMBER
International Standard Book Number 0761815090
040 ## - CATALOGING SOURCE
Original cataloging agency DLC
Language of cataloging DLC
082 ## - DEWEY DECIMAL CLASSIFICATION NUMBER
Classification number 954.030922
100 1# - MAIN ENTRY--PERSONAL NAME
Personal name Mirza, Humayun.
245 10 - TITLE STATEMENT
Title From Plassey to Pakistan : the family history of Iskander Mirza, the first president of Pakistan
Statement of responsibility, etc. Humayun Mirza.
260 ## - PUBLICATION, DISTRIBUTION, ETC.
Place of publication, distribution, etc. Lanham, Md. :
Name of publisher, distributor, etc. University Press of America,
Date of publication, distribution, etc. 1999.
300 ## - PHYSICAL DESCRIPTION
Extent 418 p. :
Other physical details ill.
520 1# - SUMMARY, ETC.
Summary, etc. "Combining the personal insights of an insider with the objectivity of a meticulous researcher, Humayun Mirza has written a work that will benefit academics, policymakers, and general readers alike. Anyone with an interest in the historical factors that have shaped the current political issues confronting India and Pakistan will find this an intriguing and indispensable book."--BK JACKET.
600 10 - SUBJECT ADDED ENTRY--PERSONAL NAME
Personal name Mirza�, Iskandar,
Dates associated with a name 1899-1969
General subdivision Family.
650 #0 - SUBJECT ADDED ENTRY--TOPICAL TERM
Topical term or geographic name entry element Presidents
Geographic subdivision Pakistan
General subdivision Family.
651 #0 - SUBJECT ADDED ENTRY--GEOGRAPHIC NAME
Geographic name India
General subdivision History
Chronological subdivision British occupation, 1765-1947.
651 #0 - SUBJECT ADDED ENTRY--GEOGRAPHIC NAME
Geographic name Pakistan
General subdivision History.
942 ## - ADDED ENTRY ELEMENTS (KOHA)
Koha item type Book
Call number prefix 954.030922 MIR
Source of classification or shelving scheme
Holdings
Withdrawn status Lost status Damaged status Not for loan Collection code Permanent Location Current Location Shelving location Date acquired Source of acquisition Cost, normal purchase price Total Checkouts Total Renewals Full call number Barcode Date last seen Date last checked out Price effective from Koha item type
          Central Library (CL) Central Library (CL) General Stacks 06/07/2003 Old Book Bank 350.00 2 2 954.030922 MIR SEECS003520 01/04/2023 09/22/2022 01/05/2017 Book
© 2023 Central Library, National University of Sciences and Technology. All Rights Reserved.